KOTLC - Statistics

General Stats
  • This quiz has been taken 75 times
  • The average score is 6 of 6
Answer Stats
Hint Answer % Correct
Wonderboy Fitz
100%
Moonlark Sophie
100%
Hydrokinetic Linh
95%
Bangs Boy Tam
95%
Sparkles Biana
93%
No worries Alden
88%
No matching quizzes found
Score Distribution
Percent of People with Each Score
Percentile by Number Answered
Your Score History
You have not taken this quiz